000 01233nam0a22003131 4500
001 v19\rc\1641901
005 20250619000331.0
035 _a(NLR Aleph) 004755007
090 _a4555315
_c4555315
100 _a20061002e18851885|||y0rusy50 ca
101 0 _arus
102 _aRU
105 _ae z |||||
200 1 _aСражение под Фридландом 2-го июня 1807 года
210 _aСанкт-Петербург
_cред. журн. "Чтение для солдат"
_d1885
215 _a20 с.
_cпл.
_d21
311 _aОтт. из журн. "Чтение для солдат", 1885, кн. 2; в конце ст. в журн.: К-ъ
488 0 _12001#$aЧтение для солдат$v1885, кн. 2
_1300##$aВ конце ст. в журн.: К-ъ
_tЧтение для солдат
532 1 1 _aСражение под Фридландом второго июня тысяча восемьсот седьмого года
702 1 _aК-ъ
_4220
801 0 _aRU
_bNLR
_gpsbo
801 0 _aRU
_bRuMoRGB
_2psbo
801 1 _aRU
_bProSoft-M
_2rusmarc
852 _aNLR
_j18.222.3.163
899 _aRuMoRGB
_jU 269/849
899 _aRuMoRGB
_jU 269/1073
899 _aБАН
942 _cBOOK
980 _aNB